00291nam a2200121Ia 4500008004100000100001600041245004000057260002600097300000800123650001400131942000700145999001700152190216s9999||||xx |||||||||||||| ||und|| aJoshi . D.D 0aEavide Kanneerinde Pookal Viriyunnu bPoorna Pubs Kozhikode a122 aMalayalam cBK c27224d27224